000 00823nam a2200265 i 4500
001 5605
003 ES-MaACL
005 20230906144633.0
007 t|
008 881219c1987 fr ||||1| fre d
020 _a2-12-484021-5
080 _a002(038)
245 0 0 _aVocabulaire de la documentation
_b: = Glossary of documentation terms.
250 _a2a ed.
260 _aParis :
_bAFNOR,
_ccop. 1987.
300 _a159 p. ;
_c24 cm.
490 1 _aLes dossiers de la normalisation
500 _aBibliografia.
650 1 4 _aDocumentación-
_vDiccionarios.
_911961
710 1 _aAssociation Française de Normalisation.
_91816
740 0 _aGlossary of documentation terms.
830 0 _aLes dossiers de la normalisation
_9177307
852 _aES-MaACL
_jL-12378
_bR.114456
_z. - Rust.
999 _c5605
_d5605